000 00621nam a2200205 a 4500
001 000024176
005 20240510073819.0
008 110119s1969 dr r 000 | spa d
040 _aDO-SdBNP
_bspa
_cBNPHU
082 _a227.91
_bH323e
100 1 _aHarrop, Clayton
_949646
245 1 3 _aLa epístola de Santiago /
_cClayton Harrop; traducción de Sara P. de Molina.
260 _a[s.l.] :
_bCasa Bautista de Publicaciones,
_c1969.
300 _a120 p. ;
_c18 cm.
650 4 _aEpístolas
_949647
650 4 _aSermones
_96631
650 0 _aVida cristiana
_9668
700 1 _aMolina, Sara P. de
_949648
049 _aBNGR
999 _c23670
_d23670